000
00380nam a2200133Ia 4500
008
151001s9999||||xx |||||||||||||| ||und||
100
_a
कर्तार सिंह दुग्गल
245
_a
मिट्टी मुसलमान की
250
_a
1
260
_b
इंद्रप्रस्थ
260
_c
2006
300
_a
135
365
_b
21
999
_c
988047
_d
988044